Stavby a architektura v zahradách

Bibliographic Details
Main Author: Dvořák, Miloš (Author)
Format: Book
Language:Czech
Published: Praha Státní nakladatelství technické literatury 1988
Edition:4. upravené a dopl. vydání
Subjects:

MARC

LEADER 00000nam a2200000 a 4500
001 vtls001382128
003 SK-MaSNL
005 20260301045200.0
008 240314s1988 xr a 0 0 cze
020 |q (viaz.) 
035 |a SNK000336166 
040 |a SNK  |b slo  |c SNK  |e AACR2 
041 0 |a cze 
044 |a xr  |c SK 
080 |a 712.4/.7  |2 2001 
100 1 |a Dvořák, Miloš  |4 aut  |9 352838 
245 1 0 |a Stavby a architektura v zahradách  |c Miloš Dvořák 
250 |a 4. upravené a dopl. vydání 
260 |a Praha  |b Státní nakladatelství technické literatury  |c 1988 
300 |a 200 s.  |b ilustr.  |c 21 cm 
650 0 7 |a záhradná architektúra  |2 SNKPH  |9 2944 
958 |a OND 
999 |c 597721  |d 599651 
952 |t P60, <04>, [BOOK], {604}  |a SNK  |b SNK  |y VYP  |7 0  |p 17A0225788  |o snkIC 110157 D1  |0 0  |1 1  |4 0  |d 2000-02-02  |l 0  |r 2005-01-02 00:00:00  |w 2026-02-23 
952 |t P60, <04>, [BOOK], {604}  |a SNK  |b SNK  |y VYP  |7 0  |p 17A0238628  |o snkIC 110157  |0 0  |1 0  |4 0  |d 2000-05-10  |l 0  |r 2005-01-02 00:00:00  |w 2026-02-23